| 000 | 01352nabaa22002057a 4500 | ||
|---|---|---|---|
| 999 |
_c6112 _d6112 |
||
| 003 | OSt | ||
| 005 | 20260122100230.0 | ||
| 008 | 190701b xxu||||| |||| 00| 0 spa d | ||
| 040 | _cPJ | ||
| 100 |
_94985 _aSabalua, Francisco M. |
||
| 245 | 1 | 3 |
_aLa responsabilidad estatal frente a la violación de la garantía del plazo razonable en los procedimientos administrativos / _cFrancisco M. Sabalua, Lisandro Omar Emmanuel Erreguerena. |
| 300 | _ap. 31-38 | ||
| 505 | _aSumario: I. Introducción.— II. La garantía del plazo razonable y la tutela administrativa efectiva.— III. Los cuatro elementos (o reglas) evaluables a fin de determinar si se violó la garantía del plazo razonable.— IV. Fundamentos jurídicos del deber estatal de resarcir ante la violación de la garantía del plazo razonable.— V. La solución jurídica a la luz de la dikelogía.— VI. Repercusiones en la dimensión social: un caso ilustrativo.— VII. Conclusiones. | ||
| 505 | _t¿Te interesa el texto completo? Comunicate al correo: koha@justierradelfuego.gov.ar | ||
| 650 | 0 |
_9211 _aDERECHO ADMINISTRATIVO |
|
| 650 | 0 |
_91135 _aPROCEDIMIENTO ADMINISTRATIVO |
|
| 700 |
_96880 _aErreguerena, Lisandro Omar Emmanuel |
||
| 773 | 0 |
_02842 _93251 _dBuenos Aires : AbeledoPerrot, 2012- _oDA121 _tDerecho administrativo. Nº 146 marzo/abril 2023 _z18510590 |
|
| 942 |
_2udc _cANA |
||